| 000 | 00678nam a2200241Ia 4500 | ||
|---|---|---|---|
| 003 | OSt | ||
| 005 | 20220924123431.0 | ||
| 006 | a|||||r|||| 00| 0 | ||
| 007 | ta | ||
| 008 | 220923b |||||||| |||| 00| 0 tel d | ||
| 024 | _a45969 | ||
| 037 | _cTextual | ||
| 040 |
_aARTS _cARTS _btel |
||
| 041 |
_2tel _atel |
||
| 082 | _aO350m33,1A1, 111M4 | ||
| 100 |
_aRao T G _9192758 |
||
| 245 | 0 | _aFolk Ramayanas in Telugu and Kannada | |
| 260 |
_aNellora _bAndhra Pradesh Saruja Publications _c1984 |
||
| 300 |
_axxviii, 195p. _ccm. |
||
| 650 | _aTELUGU LITERATURE | ||
| 942 |
_hO350m33,1A1, 111M4 _cTEXL _2CC |
||
| 999 |
_c415670 _d415670 |
||